000 00995nam a2200217Ia 4500
003 OSt
005 20210512184917.0
008 210310s2006 ck gr 000 0 spa d
020 _a9788200695
040 _aCO-JMCR
_cCO-JMCR
041 0 _aspa
082 0 4 _a330.951 /
_bE131c
_223
100 1 _aEchavarría, Federico,
_eautor
_926184
245 1 0 _aChina :
_bentre la hoz y el martillo y la economía de mercado /
_cFederico Echavarría
250 _aPrimera edición
260 _aBogotá :
_bUniversidad Sergio Arboleda,
_c2006.
300 _a327 páginas ;
_c24 cm.
505 0 _aSaludo de los embajadores latinoamericanos. -- La enorme casa. -- Visitas de cortesía. -- Presentación de credenciales. -- Reunión Con Han Xu. -- Cuando comí Alacrán. -- El día nacional.-- La ciudad prohibida. -- Embajada de Lord Macartney. -- Vida del diplomático. -- Los derechos humanos. -- Beijin. -- El palacio de verano. -- Variedad de bicicletas
650 _a#N/A
_926186
942 _2ddc
_cBK
999 _c11684
_d11684